000 00643nam a2200205Ia 4500
008 240729s9999 xx 000 0 und d
022 _a2055-0359
245 0 _aAdvanced Manufacturing: Polymer & Composites Science
260 _aUnited Kingdom
260 _bTaylor & Francis Group
650 _a Automation
650 _a Chemical technology
650 _a Industrial engineering. Management engineering
650 _a Polymers and polymer manufacture | Technology
650 _a Technology (General)
650 _aTechnology
856 _uhttps://doaj.org/toc/98d7107636114ba18fa9d8d55e79dc45
942 _2ddc
942 _cDOAJEJ
999 _c69162
_d69162
945 _a1
_bMadushi Gamage
_c1
_dMadushi Gamage